000 00743 a2200205 4500
001 55402
005 20260407155828.0
008 260407a1978 arg spa d
003 AR-UNSa-BCEJYS
040 _aAR-UNSa-BCEJYS
_bspa
_cAR-UNSa-BCEJYS
080 _a340.12
_xTendencias en la teoría del derecho. Escuelas, doctrinas jurídicas. Filosofía del derecho. Teorías sobre el Estado y el derecho
245 1 0 _aSobre el realismo jurídico
264 1 _aBuenos Aires :
_bAbeledo Perrot
_c1978
300 _a137 p.
_c23 cm.
505 _a1. El concepto de derecho - 2. Su fundamento - 3. Su concreción judicial
041 _aspa
942 _cBK
590 _aniveau_biblio:m niveau_hierar:0
100 1 _aMassini-Correas, Carlos Ignacio
999 _c5935
_d5935